| 000 | 00571nam a2200205 a 4500 | ||
|---|---|---|---|
| 001 | BRCA_2949 | ||
| 005 | 20190320204036.0 | ||
| 008 | 161208s1916----sp-#---###---#000-0#spa-u | ||
| 050 | 4 |
_aF390 _b.P47 1917 |
|
| 100 | 1 |
_aPereyra, Carlos _98199 |
|
| 245 | 1 | 0 |
_aTejas _bla primera desmembración de Méjico _cCarlos Pereyra. |
| 260 |
_aMadrid _bEditorial-América _c1917 |
||
| 300 |
_a252 p. _c19 cm. |
||
| 500 | _aB103 | ||
| 651 | 4 |
_aTexas _xAnexión a Estados Unidos _98200 |
|
| 651 | 4 |
_aMéxico _98201 |
|
| 651 | 4 |
_aTexas _xHistoria _98202 |
|
| 902 | _aGFM | ||
| 942 |
_2lcc _cB |
||
| 999 |
_c2688 _d2688 |
||